Regional Strategy for Mainstreaming Gender in Agriculture and Climate Change: (Record no. 1023)

MARC details
000 -LEADER
fixed length control field 00679nam a22001817a 4500
003 - CONTROL NUMBER IDENTIFIER
control field OSt
005 - DATE AND TIME OF LATEST TRANSACTION
control field 20240705072902.0
008 - FIXED-LENGTH DATA ELEMENTS--GENERAL INFORMATION
fixed length control field 240216b |||||||| |||| 00| 0 eng d
040 ## - CATALOGING SOURCE
Original cataloging agency KMU
Language of cataloging eng
Transcribing agency KMU
Modifying agency KMU
Description conventions RDA
110 ## - MAIN ENTRY--CORPORATE NAME
Corporate name or jurisdiction name as entry element Common Market for Eastern and Southern Africa
245 ## - TITLE STATEMENT
Title Regional Strategy for Mainstreaming Gender in Agriculture and Climate Change:
Remainder of title Strategic Framework 2011-205/
Statement of responsibility, etc. Common Market for Eastern and Southern Africa.
260 ## - PUBLICATION, DISTRIBUTION, ETC.
Place of publication, distribution, etc. Lusaka:
Name of publisher, distributor, etc. Common Market for Eastern and Southern Africa,
Date of publication, distribution, etc. 2012.
300 ## - PHYSICAL DESCRIPTION
Extent 79 P.:
Other physical details ill.;
Dimensions 30cm.
610 ## - SUBJECT ADDED ENTRY--CORPORATE NAME
Corporate name or jurisdiction name as entry element Gender in Agriculture
610 ## - SUBJECT ADDED ENTRY--CORPORATE NAME
Corporate name or jurisdiction name as entry element Climate Change
630 ## - SUBJECT ADDED ENTRY--UNIFORM TITLE
Language of a work Strategic Framework 2011-2015
942 ## - ADDED ENTRY ELEMENTS (KOHA)
Koha item type Serials
Suppress in OPAC No
Holdings
Withdrawn status Lost status Damaged status Not for loan Collection Home library Current library Shelving location Date acquired Source of acquisition Total Checkouts Full call number Barcode Date last seen Price effective from Koha item type Source of classification or shelving scheme
        Non-fiction Kapasa Makasa University Kapasa Makasa University Special Collection 16.02.2024 CBU   COMESA(02)2012/4E 3531 16.02.2024 16.02.2024 Serials  
        Non-fiction Kapasa Makasa University Kapasa Makasa University Special Collection 16.02.2024 CBU   COMESA(02)2012/4F 3532 16.02.2024 16.02.2024 Serials Dewey Decimal Classification